000
00318nam a22001337a 4500
003
SGT
020
_a
97815-43343-32-8
100
_a
AHIRRAO, R. A
245
_a
FUNDAMENTAL OF HOSPITAL & CLINICAL PHARMACY
250
_a
1st
260
_a
S. VIKASH PUB.
_b
PUNJAB
_c
2019
650
_a
HOSPITAL,CLINICAL
942
_2
ddc
_c
BK
999
_c
24700
_d
24700